Statistics for Super Smash Bros. Ultimate Characters That Start With M

Click here to take the quiz!

General Stats

  • This quiz has been taken 235 times
    (183 since last reset)
  • The average score is 10 of 11

Answer Stats

SeriesAnswer% Correct
Super MarioMario
99%
Mega ManMega Man
99%
Fire EmblemMarth
96%
Kirby’s DreamlandMeta Knight
95%
ARMSMin Min
93%
Game and WatchMr. Game and Watch
92%
XenobladeMythra
90%
PokémonMewtwo
89%
Super Smash Bros.Mii Brawler
88%
Super Smash Bros.Mii Gunner
88%
Super Smash Bros.Mii Swordfighter
88%

Score Distribution

Percentile by Number Answered

Percent of People with Each Score

Your Score History

You have not taken this quiz since the last reset